00857nam a22002417a 4500003000900000005001700009008002900026020001800055040002500073082002600098100002400124245007800148260005600226300002800282490007200310500000600382650003400388650003000422650003900452700002800491700004900519700004700568DO-SdBPM20250304121207.0210426b 2012 ch 00| 0 spa d a9787513802604 aDO-SdBPMbspacBPMSU 4a495.1bL383n 20122221 aLaurette, Zhang d 10a¡No importa ! = 没关系 !/c Laurette Zhang ; traducido por Yao Bei aRepública Popular, China :bSonolingua, c2012b  a29 p. :bils. ;c27 cm.0 aMi primer libro de cuentos chinos = 我的第一本中国故事书 3  4aChino xEnseñanza primaria  4aCuentos infantiles chinos 4aLibros ilustrados para niños v 1 3Yao, Beieilustraciones1 3Sánchez-Vincitore, Laura V.einvestigadora1 3Veras, Cledenineinvestigador pedagógico